Socio-Economic Effectiveness of Distribution System
Enregistré dans:
| Format: | Livre |
|---|---|
| Langue: | anglais |
| Publié: |
Lódz
Uniwersytet
1982
|
| Édition: | 1. wyd. |
| Collection: | Acta Universitatis Lodziensis
17 |
| Tags: |
Pas de tags, Soyez le premier à ajouter un tag!
|
MARC
| LEADER | 00000nam a2200000 4500 | ||
|---|---|---|---|
| 001 | c034986 | ||
| 005 | 20221220100008.5 | ||
| 041 | 0 | |a eng | |
| 044 | |a PL | ||
| 245 | 1 | 0 | |a Socio-Economic Effectiveness of Distribution System |
| 250 | |a 1. wyd. | ||
| 264 | 1 | |a Lódz |b Uniwersytet |c 1982 | |
| 300 | |a 336 s. | ||
| 490 | 1 | |a Acta Universitatis Lodziensis |v 17 | |
| 830 | 0 | |a Acta Universitatis Lodziensis |v 17 | |